00894 a2200157 4500003000500000005001700005020001800022040000900040082001200049100002900061245003200090260005000122300001300172505053800185650001300723NUST20221117125553.0 a0-534-05592-3 cNust1 a515,HUR1 aHurley, James Frederick,00aCalculus /cJames F. Hurley aBelmont, Calif. :bWadsworth Pub. Co.,cc1987 a1061 p.: aFunctions and Limits (Page-3), Derivatives (Page-62), Applications of Differentiation (Page-140), Integrals (Page-227), Applications of Integration (Page-280), Further Transcendental Functions (Page-335), Techniques of Integration (Page-422), Some Plane analytic Geometry (Page-479), Infinite Sequences and Series (Page-546), Vector and Scalar Functions (Page-683), Differentiation of Scalar Functions (Page-745), Multiples Integration (Page-833), Vector Calculus (Page-901), Differential Equations (Page-989), Appendices (Page-A1). 0aCalculus